Epistolario del doctor Rufino Cuervo (Registro nro. 37052)
[ vista simple ]
| 000 -ENCABEZADO | |
|---|---|
| Número de control [NR] | 02003nam a2200313Ia 4500 |
| 005 - FECHA Y HORA DE LA ÚLTIMA TRANSACCIÓN | |
| control field | 20260424125652.0 |
| 008 - DE LONGITUD FIJA DE DATOS DE ELEMENTOS - INFORMACIÓN GENERAL | |
| Elementos de longitud fija [NR] | 130821k19181922ck fr 1 spa d |
| 040 ## - FUENTE DE CATALOGACION [NR] | |
| Agencia de catalogación original [NR] | Co-BoUCM |
| Idioma de catalogación [NR] | spa |
| Quien Cataloga | Sandra Yazo |
| Quien Clasifica | Sandra Yazo |
| 041 0# - CODIGO DE IDIOMA [R] | |
| Código de idioma para texto/pista de sonido o título separado [R] | Español |
| 082 04 - NUMERO DE CLASIFICACION DECIMAL DEWEY [R] | |
| Número de clasificación [R] | 808.6 |
| Número de la edición [NR] | 20 |
| 092 ## - SIGNATURA TOPOGRAFICA LOCAL | |
| Número de clasificación local | E19N109 |
| 100 1# - ASIENTO PRINCIPAL--NOMBRE PERSONAL [NR] | |
| Nombre personal [NR] | Cuervo, Rufino José |
| Fechas asociadas con el nombre [NR] | 1844-1911 |
| ID Autoridad | 33563 |
| 245 10 - MENCION DE TITULO [NR] | |
| Título [NR] | Epistolario del doctor Rufino Cuervo |
| Mención de responsabilidad, etc. [NR] | Luis Augusto Cuervo |
| 260 ## - PUBLICACION, DISTRIBUCION, ETC. (PIE DE IMPRENTA) [R] | |
| Lugar de publicación, distribución, etc. [R] | Bogotá (Colombia) |
| Nombre del editor, distribuidor, etc. [R] | Imprenta Nacional |
| Fecha de publicación, distribución, etc. [R] | 1918-1922 |
| 300 ## - DESCRIPCION FISICA [R] | |
| Extensión [R] | 3 volúmenes (x, 451 ; vi, 431 ; 647 páginas) |
| Dimensiones [R] | 24 x 18 cm. |
| 490 #0 - MENCION DE SERIE [R] | |
| Mención de serie [R] | Biblioteca de Historia Nacional |
| Designación numérica/secuencial del volumen [NR] | 22, 23, 24 |
| 500 ## - NOTA GENERAL [R] | |
| Nota general [NR] | Detalles físicos: Encuadernación rígida en cartón forrado en papel jaspeado, lomo y punteras en cuero; letras y adornos en dorado sobre el lomo. Conserva guardas. Portada impresa a una sola tinta con ilustración en relación a la academia de historia. Texto impreso en una columna sobre papel de buena calidad. Cantos pintados con manchas rojas. Algunas manchas de humedad. |
| 500 ## - NOTA GENERAL [R] | |
| Nota general [NR] | V.1 Ej.1: En portada anotación manuscrita: "Al Dr. Rafael M. Carrasquilla, respetuosamente Luis Augusto Cuervo". Después de la portada imagen del busto de Rufino Cuervo. V.2 Ej.1: Encuadernación sin punteras, después de la portada una ilustración. V.3: Después de la portada retrato. Pág. 236 rota. V.1 Ej.2 encuadernación original flexible. Anotación en tapa delantera "Sr. Dr. D. José Alejandro Bermúdez. Calle 11 No. 60", ejemplar sin refilar |
| 500 ## - NOTA GENERAL [R] | |
| Nota general [NR] | V.1 Ej.1 Fondo Rafael María Carrasquilla |
| 500 ## - NOTA GENERAL [R] | |
| Nota general [NR] | Incluye índice |
| 505 ## - NOTA DE CONTENIDO CON FORMATO PREESTABLECIDO [R] | |
| Nota de contenido con formato preestablecido [NR] | V.1: 1826-1840 -- V.2: 1841-1842 -- V.3: 1843-1853 |
| 506 ## - NOTA DE RESTRICCIONES DE ACCESO [R] | |
| Condiciones de acceso [NR] | Consulta en sala. |
| 520 ## - NOTA DE RESUMEN, ETC. [R] | |
| Nota de sumario, etc. [NR] | Cartas dirigidas a Rufino Cuervo desde 1826 hasta 1953 |
| 650 #7 - ASIENTO SECUNDARIO DE MATERIA - TERMINO TEMATICO [R] | |
| Término temático o nombre geográfico como elemento de entrada [NR] | Literatura colombiana |
| Subdivisión de forma [R] | Correspondencia, memorias, etc. |
| 9 (RLIN) | 18629 |
| 650 #7 - ASIENTO SECUNDARIO DE MATERIA - TERMINO TEMATICO [R] | |
| Término temático o nombre geográfico como elemento de entrada [NR] | Cartas colombianas |
| 9 (RLIN) | 10536 |
| 690 ## - ASUNTO AGREGADO LOCAL DE ENTRADA - TÉRMINO TEMÁTICO (OCLC, RLIN) | |
| Acceso temático local | Literatura colombiana |
| 9 (RLIN) | 18629 |
| 700 14 - ASIENTO SECUNDARIO - NOMBRE PERSONAL [R] | |
| Nombre personal [NR] | Augusto Cuervo, Luis |
| Término de relación [R] | compilador |
| 9 (RLIN) | 76159 |
| 942 ## - ELEMENTOS DE ENTRADA AGREGADOS (KOHA) | |
| Tipo de ítem principal el descrito en 300a | Libro |
| Tema principal | 18 |
| Edición | 1 |
| Sistema de clasificación | LOCAL |
| Clasificación | E19N109 |
| Suprimido | Perdido | Sistema de clasificación | Dañado | No prestable | Tipo de ítem específico | Ubicación habitual | Ubicación actual | Localización | Fecha de creación | Forma de adquisición | Costo | Volúmen / Fascículo | Total préstamos | Signatura topográfica | Código de barras | Última vez visto | Ejemplar | Price effective from | Tipo de ítem |
|---|---|---|---|---|---|---|---|---|---|---|---|---|---|---|---|---|---|---|---|
| LOCAL | Libro archivo | Archivo Histórico | Archivo Histórico | Archivo histórico | 28/02/2014 | Donación | 0.00 | V.1 | E19N109 | L002925 | 15/12/2012 | Ej.1 | 03/02/2013 | Libro | |||||
| LOCAL | Libro archivo | Archivo Histórico | Archivo Histórico | Archivo histórico | 28/02/2014 | Donación | 0.00 | V.3 | E19N109 | L002926 | 15/12/2012 | Ej.1 | 03/02/2013 | Libro | |||||
| LOCAL | Libro archivo | Archivo Histórico | Archivo Histórico | Archivo histórico | 14/03/2016 | Donación | 0.00 | V.2 | E19N109 | L005448 | 14/03/2016 | Ej.1 | 14/03/2016 | Libro | |||||
| LOCAL | Libro archivo | Archivo Histórico | Archivo Histórico | Archivo histórico | 24/04/2026 | Donación | 0.00 | V.1 | E19N109 | L007233 | 15/12/2012 | Ej.2 | 24/04/2026 | Libro |